<?xml version="1.0" encoding="UTF-8"?><?xml-stylesheet type="text/xsl" href="static/style.xsl"?><OAI-PMH xmlns="http://www.openarchives.org/OAI/2.0/" xmlns:xsi="http://www.w3.org/2001/XMLSchema-instance" xsi:schemaLocation="http://www.openarchives.org/OAI/2.0/ http://www.openarchives.org/OAI/2.0/OAI-PMH.xsd"><responseDate>2026-04-13T01:11:19Z</responseDate><request verb="GetRecord" identifier="oai:www.recercat.cat:2117/105198" metadataPrefix="marc">https://recercat.cat/oai/request</request><GetRecord><record><header><identifier>oai:recercat.cat:2117/105198</identifier><datestamp>2025-07-22T22:16:43Z</datestamp><setSpec>com_2072_1033</setSpec><setSpec>col_2072_452951</setSpec></header><metadata><record xmlns="http://www.loc.gov/MARC21/slim" xmlns:dcterms="http://purl.org/dc/terms/" xmlns:xsi="http://www.w3.org/2001/XMLSchema-instance" xmlns:doc="http://www.lyncode.com/xoai" xsi:schemaLocation="http://www.loc.gov/MARC21/slim http://www.loc.gov/standards/marcxml/schema/MARC21slim.xsd">
   <leader>00925njm 22002777a 4500</leader>
   <datafield ind2=" " ind1=" " tag="042">
      <subfield code="a">dc</subfield>
   </datafield>
   <datafield ind2=" " ind1=" " tag="720">
      <subfield code="a">Duran Ripoll, Judit</subfield>
      <subfield code="e">author</subfield>
   </datafield>
   <datafield ind2=" " ind1=" " tag="260">
      <subfield code="c">2015-07</subfield>
   </datafield>
   <datafield ind2=" " ind1=" " tag="520">
      <subfield code="a">En el present projecte es realitza un estudi de viabilitat econòmica d’una planta&#xd;
d’elaboració d’oli d’oliva a Esparreguera (Barcelona).&#xd;
Per dur a terme l’estudi econòmic primerament hem realitzat l’estudi de les majors zones&#xd;
de superfície d’oliveres (on hi tenim uns terrenys) i de productors d’oli d’oliva a la zona, per&#xd;
després ubicar la nau on ens instal·larem. També hem realitzat l’estudi dels diferents mètodes&#xd;
per l’obtenció d’oli d’oliva i els seu residus amb els avantatges i inconvenients de cada&#xd;
mètode, per escollir-ne el més adequat. Posteriorment, hem realitzat el dimensionat i disseny&#xd;
de la línia productiva d’oli d’oliva contactant amb diferents proveïdors per assessorar-nos.&#xd;
Pels càlculs tenim tres procedències diferents de kg d’olives a molturar provinents del&#xd;
servei de molturació, d’olives pròpies recol·lectades i d’olives comprades. Dins de cada&#xd;
procedència hem formulat tres escenaris diferents a partir dels kg d’olives, de menys a més&#xd;
favorable. Sumant els kg d’olives dels mateixos escenaris de cada procedència s’obtenen les&#xd;
tres hipòtesis. Amb aquestes hipòtesis es calculen els ingressos i despeses de la planta&#xd;
produïts per a després calcular els beneficis.&#xd;
Una vegada obtinguts els càlculs es realitza l’estudi econòmic amb els paràmetres de PRI,&#xd;
VAN i TIR, per a determinar la viabilitat del projecte.&#xd;
Per dur a terme el projecte ens hem posat en contacte amb almàsseres de la zona,&#xd;
proveïdors de línies d’extracció, proveïdors d’accessoris de la línia, gestors, recol·lectors&#xd;
d’olives i amb empresa gestora de residus de pinyolada humida.</subfield>
   </datafield>
   <datafield tag="653" ind2=" " ind1=" ">
      <subfield code="a">Àrees temàtiques de la UPC::Enginyeria química::Aspectes econòmics</subfield>
   </datafield>
   <datafield tag="653" ind2=" " ind1=" ">
      <subfield code="a">Industrial chemistry</subfield>
   </datafield>
   <datafield tag="653" ind2=" " ind1=" ">
      <subfield code="a">Olive oil industry</subfield>
   </datafield>
   <datafield tag="653" ind2=" " ind1=" ">
      <subfield code="a">Química industrial</subfield>
   </datafield>
   <datafield tag="653" ind2=" " ind1=" ">
      <subfield code="a">Oli d'oliva -- Aspectes econòmics</subfield>
   </datafield>
   <datafield ind2="0" ind1="0" tag="245">
      <subfield code="a">Estudi de viabilitat econòmica d'una planta per a l'obtenció d'oli d'oliva</subfield>
   </datafield>
</record></metadata></record></GetRecord></OAI-PMH>